[Event "Hector S Nazzari Memorial 2019"]
[Site "Montevideo"]
[Date "2019.10.20"]
[Round "7.5"]
[White "El Ters, Antouan"]
[Black "Carvalho, Guillermo"]
[Result "1/2-1/2"]
[WhiteElo "2200"]
[BlackElo "2183"]
[Annotator "TA"]
[PlyCount "116"]
[EventDate "2019.10.14"]
[EventType "swiss"]
[EventCountry "URU"]
[SourceTitle "playchess.com"]
[Source "ChessBase"]
[SourceQuality "1"]

{[%evp 11,116,8,13,10,22,11,7,13,13,6,18,-8,21,13,13,22,46,56,40,43,39,52,68,63,129,124,122,125,173,174,174,168,175,175,181,164,178,169,185,156,226,222,261,253,338,231,177,181,172,110,109,116,100,107,213,213,213,212,215,0,68,68,159,148,157,149,293,308,296,288,316,306,245,146,223,170,170,170,170,170,163,145,148,113,146,93,111,17,20,11,22,0,147,114,120,0,146,139,154,33,65,35,152,24,42,8,8]} 1. Nf3 d5 2. e3 Nf6 3. b3 g6 4. Bb2 Bg7 5. d4 O-O 6. Nbd2 b6 7. Be2 {D04: Colle System} (7. Bd3 Bb7 8. O-O Nbd7 9. c4 e6 10. Rc1 dxc4 11. Nxc4 Qe7 12. Ba3 c5 13. Qe2 Rac8 14. Nfe5 Nxe5 15. dxe5 {½-½ (45) Nakamura,H (2786)-Caruana,F (2802) chess.com INT 2017}) 7... Bb7 8. O-O Nbd7 9. c4 c5 10. Rc1 Rc8 11. Re1 Rc7 12. dxc5 $146 ({Predecessor:} 12. Rc2 Qa8 13. Qa1 Rfc8 14. Rec1 dxc4 15. Bxc4 a6 16. a4 Ne4 17. Bf1 Ndf6 18. b4 Qb8 19. dxc5 {½-½ (19) Stein,D (1864)-Pelt,A (2058) Zweibruecken 2013}) 12... Nxc5 13. b4 Ne6 14. Be5 $36 {[%mdl 2048] White has the initiative.} Rc8 15. Qa4 a6 16. Red1 Qe8 17. Qb3 Ne4 (17... dxc4 $14 18. Bxc4 Nd7) 18. Bxg7 $16 Nxd2 19. Nxd2 dxc4 20. Nxc4 Nxg7 21. Nxb6 {[%mdl 64] Discovered Attack} Rxc1 22. Rxc1 Qd8 23. Nc4 Qc7 24. Rd1 Nf5 25. Na5 Bc8 (25... Nd6 $16 26. h3 Rc8 27. Nxb7 Qxb7) 26. Qc4 $18 Qe5 27. Nc6 Qf6 28. a4 Bb7 29. b5 Rc8 30. Rd8+ (30. Bf3 $18) 30... Rxd8 $16 31. Nxd8 axb5 32. axb5 Nd6 (32... Qa1+ $16 33. Bf1 Nd6) 33. Qd4 $18 e5 34. Qb6 Bd5 35. f3 $2 (35. Qb8 $18 {Intending Ne6+ and mate.} Kg7 36. Qc7) 35... e4 ({Black should play} 35... Qh4 $1 $11 36. Qa5 (36. Qxd6 Qe1+ {[%mdl 64] Double Attack} 37. Bf1 Qxe3+ 38. Kh1 Qf2 $17) 36... Bc4 37. Bxc4 Qxc4) 36. Qd4 Qxd8 ({Black should try} 36... Qxd4 $14 37. exd4 exf3 38. gxf3 Kf8) 37. Qxd5 $16 exf3 38. gxf3 ({Of course not} 38. Bxf3 $6 Qb6 $11) 38... Qe7 (38... Qb6 $16) 39. Qc5 $18 h5 40. b6 Qf6 41. e4 Kg7 {[#]} 42. Qd5 (42. e5 $1 $18 Qg5+ 43. Kf1) 42... Nxe4 (42... Qb2 $16) 43. fxe4 Qxb6+ 44. Kg2 Qe3 45. Bc4 Qf4 46. h3 Qf6 47. h4 Qb2+ 48. Kf3 (48. Kh3 $142 $1 Qf6 49. Kg3) 48... Qc3+ 49. Ke2 (49. Qd3 $16 Qb2 50. Bd5) 49... Qc2+ $11 50. Kf1 Qc1+ 51. Kg2 ({Better is} 51. Kf2 $11 Qb2+ 52. Kf3 Qc3+ 53. Qd3 Qf6+ 54. Kg3) 51... Qb2+ $16 52. Kg3 Qc3+ 53. Kg2 Qb2+ {[#]} 54. Kh3 $1 Qc3+ 55. Bd3 (55. Qd3 $16 Qe5 56. Kg2) 55... Qc8+ $14 56. Kh2 {Black must now prevent Bc4.} Qb8+ {[#]} (56... Qc3 $1 $14) 57. e5 (57. Kg2 $1 $16) 57... f6 $1 $11 58. Qd6 Qb2+ {Accuracy: White = 53%, Black = 49%.} 1/2-1/2

[Event "Hector S Nazzari Memorial 2019"]
[Site "Montevideo"]
[Date "2019.10.20"]
[Round "7.6"]
[White "Curi, Gabriel"]
[Black "Dominguez, Facundo"]
[Result "1-0"]
[WhiteElo "2194"]
[BlackElo "2130"]
[Annotator "TA"]
[PlyCount "103"]
[EventDate "2019.10.14"]
[EventType "swiss"]
[EventCountry "URU"]
[SourceTitle "playchess.com"]
[Source "ChessBase"]
[SourceQuality "1"]

{[%evp 18,103,16,7,20,0,38,39,25,29,25,29,25,30,35,22,44,30,41,47,96,99,86,75,113,98,139,141,158,116,177,169,183,189,179,191,178,170,245,253,264,261,251,242,242,252,258,241,264,254,225,128,140,138,273,177,212,154,151,100,117,86,113,110,629,400,373,386,1529,1464,2141,1854,1844,1736,2379,0,1632,0,2364,2260,2421,0,26,0,2400,2311,29974,2932]} 1. d4 Nf6 2. c4 c5 3. d5 e6 4. Nc3 exd5 5. cxd5 d6 6. e4 g6 7. f3 Bg7 8. Be3 O-O 9. Qd2 a6 10. a4 Qa5 {A65: Modern Benoni: 6 e4} (10... Nbd7 11. Nh3 Qa5 12. Ra3 Ne8 13. Be2 Ne5 14. Nf2 f5 15. O-O Nf6 16. exf5 Bxf5 17. h3 Rae8 18. Bh6 Bxh6 19. Qxh6 {0-1 (46) Bocharov,D (2576)-Shimanov,A (2623) Astana 2017}) 11. Ra3 Re8 12. Nge2 Nbd7 {White is slightly better.} 13. Nc1 Ne5 14. Be2 Rb8 15. O-O Qc7 16. N1a2 Bd7 17. Rc1 b5 18. axb5 Bxb5 $146 ({Predecessor:} 18... axb5 19. b4 Rec8 20. Nd1 Bf8 21. Nf2 {½-½ (58) Gruenenwald,J (2295)-Buenermann,V (2280) Germany 1996}) 19. Nxb5 axb5 {[#]} 20. b4 $1 {[%cal Rb4c5]} Bf8 21. Ra5 c4 22. Nc3 Qd7 23. Rca1 Rb7 (23... Rec8 $16 {is a better defense.} 24. Ra7 Qe8) 24. Ra7 $18 Reb8 25. Rxb7 Qxb7 26. Ra5 Qd7 27. h3 Ne8 (27... Bg7 $142 28. f4 Nd3) 28. f4 Nd3 29. Bxd3 cxd3 30. Qxd3 Nc7 31. Bd4 Bh6 32. Qf3 Qc8 33. e5 Ne8 34. exd6 ({Better is} 34. Ra7 $18) 34... Nxd6 $16 35. Be5 Rb6 (35... Nc4 $16) 36. Ra1 Bf8 37. Bd4 $36 {[%mdl 2048] White has strong initiative.} Rb8 38. Bc5 ({White should play} 38. Ne4 {Threatens to win with Nf6+.} Nxe4 39. Qxe4) 38... Qf5 39. Re1 Ra8 40. Ne4 Nc4 $2 {[%mdl 8192]} (40... Nxe4 $16 41. Qxe4 Qxe4 42. Rxe4 Rd8) 41. Qc3 {aiming for Nf6+.} Bg7 42. Bd4 Bh6 $2 (42... f6 43. Bxf6 (43. Nxf6+ Bxf6 44. Bxf6 Qxf4 $18) 43... Bf8) 43. Nf6+ $18 Kf8 44. Nxh7+ Kg8 45. Nf6+ Kf8 46. Nh7+ Kg8 47. Nf6+ Kf8 $1 48. g4 Qxf4 49. Nh7+ $2 (49. Bc5+ $18 Kg7 50. Nh5+ {[%mdl 64] Double Attack, Discovered Attack (Double check)} Kh7 51. Nxf4) 49... Kg8 $11 50. Nf6+ $2 {[%mdl 8192]} (50. Rf1 $11 Qxd4+ {[%mdl 64] Remove Defender} 51. Qxd4 Be3+ 52. Qxe3 Nxe3 53. Nf6+ Kg7 54. Rf2) 50... Kf8 $18 51. Bc5+ Nd6 {[#]} 52. Nh5 $1 {[%mdl 512] Accuracy: White = 57%, Black = 36%.} 1-0

[Event "Hector S Nazzari Memorial 2019"]
[Site "Montevideo"]
[Date "2019.10.20"]
[Round "7.7"]
[White "Lopez Falcon, Jorge"]
[Black "Vazquez, Facundo"]
[Result "1/2-1/2"]
[WhiteElo "2166"]
[BlackElo "2103"]
[Annotator "TA"]
[PlyCount "79"]
[EventDate "2019.10.14"]
[EventType "swiss"]
[EventCountry "URU"]
[SourceTitle "playchess.com"]
[Source "ChessBase"]
[SourceQuality "1"]

{[%evp 24,79,56,0,34,25,37,18,14,-4,-10,-42,-22,-80,-60,-89,-41,-106,-85,-90,-76,-89,-91,-134,-87,-84,-80,-89,-85,-88,-55,-153,-137,-149,-68,-64,-61,-137,-67,-124,-118,-144,-144,-224,-168,-642,-642,-621,-547,-534,-222,-222,-222,-222,-100,-100,-100,-100]} 1. d4 Nf6 2. c4 g6 3. Nf3 Bg7 4. Nc3 O-O 5. g3 d6 6. Bg2 Nbd7 7. O-O e5 8. e4 exd4 9. Nxd4 Re8 10. Re1 a6 11. h3 Rb8 12. Be3 c5 13. Nc2 {[#]} (13. Nde2 $14) 13... Qe7 $146 {E68: King's Indian: Fianchetto: 6...Nbd7 7 0-0 e5 8 e4} ({Predecessor:} 13... b5 14. cxb5 axb5 15. Qxd6 b4 16. Na4 Bf8 17. Qd1 Qa5 18. b3 Ne5 19. Bf4 Bb7 20. Ne3 Rbd8 21. Nd5 {0-1 (59) Werle,J (2525)-Vovk,A (2606) Trieste 2015}) 14. Rc1 b5 15. cxb5 axb5 {The position is equal.} 16. Bg5 h6 17. Nd5 Qf8 {aiming for ...Nxd5.} 18. Bf4 (18. Nxf6+ $11 {keeps the balance.} Nxf6 19. Bd2) 18... Nxd5 $17 19. Qxd5 Ne5 20. Rcd1 (20. b3 $1 $15) 20... Be6 21. Qxd6 Qxd6 22. Rxd6 Bxa2 23. b4 Bf8 24. Ra6 Bb3 25. Na1 Bc4 {White must now prevent ...Nd3.} 26. bxc5 Bxc5 {Threatens to win with ...Nd3.} 27. Bxe5 (27. Rb1 $15) 27... Rxe5 28. Bf1 {[#]} Rd8 (28... Bd5 $1 $17 {[%mdl 512]} 29. Rc1 (29. exd5 Rxe1) 29... Bb7) 29. Bxc4 $15 bxc4 30. Ra2 {[#]} (30. Re2 $15) 30... Rd4 ({Black should try} 30... f5 $1 $17 31. Kf1 fxe4) 31. Rae2 (31. Kf1 $1 $15) 31... f5 $36 {[%cal Re5e4][%mdl 2048] White is under strong pressure.} 32. Nc2 Rdxe4 33. Rxe4 (33. Kf1 $17 {keeps fighting.}) 33... Rxe4 $19 34. Rxe4 $2 (34. Ne3) 34... fxe4 $17 {[%mdl 4096] Endgame KB-KN} 35. Kg2 Kf7 36. f3 exf3+ (36... Ke6 $142 37. fxe4 Ke5) 37. Kxf3 $19 Kf6 38. Ke4 Bd6 (38... c3 $19 {and Black stays clearly on top.} 39. Na1 Bd6) 39. Ne3 $17 Bxg3 {Strongly threatening ...Kg5.} 40. Nxc4 {Accuracy: White = 30%, Black = 42%.} 1/2-1/2

[Event "Hector S Nazzari Memorial 2019"]
[Site "Montevideo"]
[Date "2019.10.20"]
[Round "7.8"]
[White "Vaz Lacuesta, Leonardo"]
[Black "Tregarthen, Emiliano"]
[Result "0-1"]
[WhiteElo "2103"]
[BlackElo "2039"]
[Annotator "TA"]
[PlyCount "162"]
[EventDate "2019.10.14"]
[EventType "swiss"]
[EventCountry "URU"]
[SourceTitle "playchess.com"]
[Source "ChessBase"]
[SourceQuality "1"]

{[%evp 16,162,-6,0,35,28,37,49,56,60,61,69,76,53,54,44,50,22,42,16,33,0,41,54,54,-11,14,0,37,13,39,-31,0,3,0,-24,17,39,153,157,164,148,150,-23,-18,-17,-14,-43,-38,-49,-50,-39,-37,-60,-26,-59,-18,-22,0,0,172,0,0,-12,0,-4,55,-20,-20,-41,-25,-54,-31,-49,-25,-39,-32,-520,-9,-12,0,0,0,0,0,0,8,-44,-46,-77,-62,-89,-55,-51,0,0,0,0,0,0,0,0,0,0,0,-8,-13,-562,-179,-177,-176,-1293,-1382,-2031,-1930,-3711,-2755,-3711,-4088,-2041,-1859,-2267,-1736,-1900,0,-4532,-3202,-1677,-2262,-882,0,-4133,-2532,-1890,-1856,-627,-1482,-847,-486,-1811,-1562,-29983,-1064,-29984,-797,-29994,-29990,-29990,-29991]} 1. d4 Nf6 2. Bf4 g6 3. e3 Bg7 4. h3 O-O 5. Nf3 b6 6. Be2 Bb7 7. O-O d6 8. c4 Nbd7 9. Nc3 a6 {E61: King's Indian: Early deviations for White, including Smyslov System} 10. Rc1 (10. Bh2 Qe8 11. d5 e5 12. Nd2 Qe7 13. b4 Kh8 14. a4 a5 15. bxa5 Rxa5 16. Nb3 Raa8 17. a5 {1-0 (39) Karjakin,S (2783)-Nepomniachtchi,I (2751) chess.com INT 2017}) 10... h6 $146 ({Predecessor:} 10... e6 11. Qc2 Qe7 12. Rfd1 Nh5 13. Bh2 f5 14. b4 f4 15. e4 e5 16. dxe5 dxe5 17. Nd5 Bxd5 18. cxd5 {1-0 (44) Le,K (2138)-Tu,H (2414) Ho Chi Minh City 2015}) 11. Qc2 Nh5 {White is slightly better.} 12. Bh2 c5 13. Rfd1 cxd4 14. Nxd4 Nhf6 $1 15. b4 Rc8 16. Qb3 Qc7 17. Na4 e5 18. Nf3 Ne4 (18... b5 $5 19. Nb2 Qb8 $11) 19. Ne1 Rfd8 20. Nd3 (20. f3 $14) 20... Ng5 21. h4 Qc6 {[%csl Gb7][%cal Rc6g2]} (21... Ne4 {seems wilder.} 22. f3 Nef6 23. Nf2 a5 24. Nc3 Ba6) 22. f3 Ne6 23. Nf2 (23. Bg3 $14) 23... Nf6 (23... b5 $5 {[%cal Rb5a4]} 24. Nb2 Nb6 $15) 24. Nc3 Qe8 25. Rc2 Nc7 26. Na4 Qc6 (26... Na8 $14) 27. b5 $1 $16 {[%cal Rb5c6]} Qe8 28. Nxb6 Rb8 29. Na4 $2 ({Better is} 29. Rcd2 $16) 29... Bc6 $11 {[%cal Ra6b5]} 30. Nc3 axb5 31. cxb5 Nxb5 32. Nxb5 Bxb5 33. Bxb5 Rxb5 34. Qd3 Nd5 35. a3 Qd7 36. Ne4 Qb7 37. Bg3 Qb6 $2 (37... f5 $11 {and Black stays safe.} 38. Nd2 Nf6) 38. Bf2 $2 (38. a4 $18 Qxe3+ 39. Qxe3 Nxe3 40. axb5 Nxd1 41. b6) 38... Ne7 39. Nd2 d5 40. Rdc1 Rd7 (40... Ra5 $11) 41. Nc4 (41. a4 $14 Rb4 42. e4) 41... Qb7 42. Nd2 h5 43. Rc5 Rb2 44. R1c2 Bh6 45. Rxb2 Qxb2 46. Qb5 $2 {[%mdl 8192]} (46. Rb5 $15 Qc1+ 47. Nf1) 46... Qxb5 $2 (46... Qxd2 $19 47. Qxd7 Bxe3 48. Rc8+ Kg7 49. Bxe3 Qxe3+ 50. Kh2 Nxc8 51. Qxc8 Qxa3) 47. Rxb5 d4 48. Ne4 {Hoping for Nf6+.} ({Of course not} 48. Rxe5 f6 $17) 48... Kg7 49. exd4 exd4 50. Bg3 f5 51. Be5+ ({White should play} 51. Nc5 $11 Be3+ 52. Kf1) 51... Kf7 $15 52. Ng5+ Bxg5 $1 53. hxg5 $17 {[%mdl 4096] Endgame KRB-KRN} d3 {aiming for ...d2.} 54. Rb1 Nd5 (54... Ke6 $15 55. Bc3 Nd5) 55. Kf2 $11 Ke6 56. f4 Ra7 (56... d2 $5 57. Rd1 $8 Nb6 $11) 57. Rb3 Ra4 58. g3 d2 59. Ke2 h4 60. Kxd2 h3 {Strongly threatening ...h2.} 61. Ke2 $2 {[%mdl 8192]} (61. Rb7 $1 $11) 61... h2 $2 (61... Re4+ 62. Kd2 Re1 $1 {[%mdl 512]}) 62. Rb1 $19 Rxa3 {Threatens to win with ...Ne3.} 63. Kf2 $2 {[#]} (63. Rh1) 63... Ne3 $1 64. Bg7 Ng4+ 65. Kg2 Ra2+ 66. Kh1 Kd5 67. Bf8 Ke4 68. Bc5 Kf3 69. Rb3+ Ke4 (69... Ke2 $142 70. Rb1 Kf3 71. Rb3+ Ke2) 70. Rb1 $1 Rc2 71. Bb6 Rc3 72. Kg2 Rc2+ (72... Kd3 $142 73. Ba7 Ra3) 73. Kh1 Kd3 74. Ba5 Ke2 75. Kg2 Ke3+ 76. Kh1 Kf3 {( -> ...Nf2+)} 77. Be1 (77. Rb3+ $142 Ke2 78. Rb1) 77... Ne3 78. Ra1 Re2 (78... Nf1 $142 79. g4 Kxg4 80. Rd1 Ra2 81. Rd3 Kxf4 82. Bh4 Ra1 83. Bf2 Ne3+ 84. Kxh2 Ng4+ {[%mdl 64] Double Attack} 85. Kg2 Ra2 86. Rd4+ Kxg5 87. Kh3 Nxf2+ 88. Kg3 Ne4+ 89. Kf3 Nd2+ 90. Ke3 Nf1+ 91. Kf3 Nh2+ 92. Ke3 {[#]} f4+ $1 {[%mdl 512]} 93. Ke4 f3 94. Rd6 f2 95. Rd5+ Kg4 96. Rd1 Re2+ 97. Kd5 Re1 98. Rd4+ Kf5 99. Kc5 f1=Q 100. Rd5+ Kg4 101. Rd4+ Kg3 102. Kd5 Qb5+ 103. Kd6 Qe5+ 104. Kc6 Qxd4 105. Kb7 Rc1 106. Ka6 Rb1 107. Ka5 Qa7#) 79. Rb1 Kg4 (79... Nf1 $142 80. g4 fxg4 81. Bh4 Ng3+ 82. Bxg3 Kxg3 83. Rb3+ Kh4 84. Re3 Rf2 85. f5 g3 86. Re4+ Kh3 87. Rh4+ Kxh4 88. fxg6 Rf1+ 89. Kg2 h1=Q#) 80. Rb3 Rxe1+ 81. Kxh2 Re2+ {Accuracy: White = 32%, Black = 39%.} 0-1

[Event "Hector S Nazzari Memorial 2019"]
[Site "Montevideo"]
[Date "2019.10.20"]
[Round "7.9"]
[White "Granara Barreto, Sebastian"]
[Black "Palacio, Enzo"]
[Result "1-0"]
[WhiteElo "2134"]
[BlackElo "1780"]
[Annotator "TA"]
[PlyCount "141"]
[EventDate "2019.10.14"]
[EventType "swiss"]
[EventCountry "URU"]
[SourceTitle "playchess.com"]
[Source "ChessBase"]
[SourceQuality "1"]

{[%evp 23,141,-12,-10,-33,0,-33,-35,-12,0,0,-15,-42,48,15,14,10,57,43,54,47,62,-62,46,0,0,-70,-75,-60,-62,-65,0,0,0,8,8,0,23,22,65,68,189,104,88,82,135,137,133,135,220,230,329,304,286,140,139,133,140,147,147,142,141,140,325,0,0,0,0,0,0,0,0,0,0,0,0,0,0,0,8,8,8,8,11,11,12,16,23,7,12,8,28,8,8,8,32,24,24,16,77,24,77,0,0,0,77,77,78,78,78,77,84,84,840,85,198,195,1720,302,29982,29981]} 1. c4 Nf6 2. g3 g6 3. Bg2 Bg7 4. Nc3 d6 5. e4 O-O 6. Nge2 c5 7. d3 Nc6 8. O-O Rb8 9. h3 a6 10. f4 Bd7 11. a4 Nd4 12. Be3 Ne8 13. Ra2 {A36: Symmetrical English vs ...g6: 4 Bg2 Bg7} (13. Rb1 b5 14. axb5 axb5 15. cxb5 Bxb5 16. g4 Nc7 17. Ng3 e6 18. f5 Qh4 19. Bf2 Qg5 20. h4 Qd8 {1-0 (41) Kramnik,V (2791)-Radjabov,T (2744) Moscow 2010}) 13... Nc7 14. g4 b5 15. axb5 {Black is slightly better.} Nxe2+ 16. Nxe2 axb5 17. Qc2 $146 ({Predecessor:} 17. b3 bxc4 18. bxc4 {1-0 (29) Botos,F (2148)-Kele,K (2102) Hungary 2018}) 17... b4 (17... bxc4 $15 18. dxc4 Bc6) 18. b3 Ra8 19. d4 Ne6 {[#] Hoping for ...Rxa2.} 20. Rxa8 Qxa8 21. e5 Qa7 {[%cal Re6d4]} 22. Qb2 (22. Qd1 $14) 22... Rc8 (22... cxd4 $15 23. Nxd4 dxe5) 23. f5 (23. d5 {looks sharper.} Nd8 24. Nc1 f5 25. Qf2 dxe5 26. fxe5 Bxe5 27. Be4) 23... Nxd4 24. Nxd4 (24. f6 $11 Nxe2+ 25. Qxe2) 24... cxd4 $15 25. Qxd4 Qxd4 26. Bxd4 dxe5 (26... gxf5 $15 27. Rd1 dxe5 28. Bxe5 Be6) 27. Be3 $11 Bc6 28. Bxc6 Rxc6 {[%mdl 4096] Endgame KRB-KRB} 29. Ra1 {White wants to mate with Ra8+.} Rc8 (29... h5 {is interesting.} 30. Ra4 hxg4 31. hxg4 gxf5 32. gxf5 e6) 30. Ra7 Bf8 31. Kf2 $1 Rb8 (31... Rd8 $14) 32. Ke2 ({White should play} 32. Kf3 $18) 32... gxf5 $16 33. gxf5 Kg7 (33... e6 $142) 34. Kf3 {[%mdl 1024] White has strong compensation.} Kf6 35. Ke4 h5 (35... Rd8 $16) 36. h4 $18 Rd8 (36... Re8 $142 37. Bg5+ Kg7 38. Kxe5 Kg8) 37. Rb7 Rd1 {Black wants to play ...Re1.} 38. Rb6+ (38. Rxb4 Re1 $11) (38. Bg5+ $18 {and White stays clearly on top.} Kg7 39. c5 (39. Kxe5 Rd3 $16) (39. Bxe7 Bxe7 40. Rxe7 Kf6 $17)) 38... e6 $16 {Threatens to win with ...Re1!} 39. Bg5+ Kg7 40. fxe6 fxe6 41. Rxe6 ({But not} 41. Kxe5 $6 Re1+ 42. Kd4 Rd1+ 43. Ke5 Re1+ 44. Kd4 Rd1+ 45. Ke4 Rb1 $11) 41... Rb1 42. Rb6 {And now Bh6+ would win.} Rxb3 $2 (42... Kg8 $16 {was called for.}) 43. Bf6+ $2 ({Not} 43. Kxe5 Kf7 $11) ({White has to play} 43. Bh6+ $18 Kf7 44. Rb7+ (44. Kxe5 Bxh6 45. Rxh6 Rb1 $11) 44... Kg8 45. Rb8) 43... Kf7 $11 44. Bxe5 Rb1 45. Kf5 Rf1+ 46. Bf4 Be7 47. Rb7 b3 48. Ke4 Ke6 49. Rb6+ Kd7 50. Rxb3 Bxh4 51. Rh3 Re1+ 52. Kd3 Bf6 53. Rxh5 Rd1+ 54. Bd2 Rg1 55. c5 Rg4 56. Be3 Kc7 57. Rh6 Bg7 58. Re6 Bf8 59. Bd4 Kd7 60. Ra6 Be7 (60... Rg5 $11) 61. Kc4 (61. Rh6 $16) 61... Rh4 (61... Bh4 $11 {keeps the balance.}) 62. Kd5 ({Better is} 62. Ra7+ $16 Ke6 63. Ra5) 62... Rh5+ 63. Kc4 (63. Be5 $11 Bxc5 64. Ke4) 63... Rh4 $1 $16 64. Ra7+ Kd8 65. Kd5 {Ra8+ is the strong threat.} Rh5+ 66. Kc6 {[%cal Ra7a8]} Rh6+ 67. Kb5 Bf6 $2 {[%mdl 8192]} (67... Rh5 $16) 68. Be3 $2 (68. Ra6 $18 {is the precise move to win.}) 68... Rh3 {[#]} (68... Rh5 $16 {is a better defense.}) 69. Bf4 $1 $18 {[%cal Rf4d6] Strongly threatening Bd6.} Rb3+ $2 (69... Bd4 70. Ra8+ Ke7) 70. Kc6 $2 (70. Kc4 Rb1 71. Kd5) 70... Bd4 $2 (70... Rd3 $18 71. Bb8 Ke8) 71. Bd6 {Played: Ra7-d7} 1-0

[Event "Hector S Nazzari Memorial 2019"]
[Site "Montevideo"]
[Date "2019.10.20"]
[Round "7.10"]
[White "Bustelo, Tabare"]
[Black "Belistri, Ubaldo"]
[Result "1/2-1/2"]
[WhiteElo "2054"]
[BlackElo "1853"]
[Annotator "NA RC"]
[PlyCount "82"]
[EventDate "2019.10.14"]
[EventType "swiss"]
[EventCountry "URU"]
[SourceTitle "playchess.com"]
[Source "ChessBase"]
[SourceQuality "1"]
[TimeControl "5400+30"]

{[%evp 33,83,0,0,-93,-93,-98,-93,-85,-67,-97,-86,-108,-46,-42,32767,32767,-137,-165,-156,-180,-220,-202,-173,-170,-172,-229,-162,-192,-204,-169,-147,32767,-219,32767,32767,-120,32767,-165,-81,-114,-108,-112,-112,-100,-109,-148,-97,-100,-75,-104,-56,-60]} 1. e4 {[%emt 0:05:38]} c6 {[%emt 0:00:00]} 2. c4 {[%emt 0:01:14]} d5 {[%emt 0:02:31]} 3. cxd5 {[%emt 0:00:15]} cxd5 {[%emt 0:00:02]} 4. exd5 {[%emt 0:00:08]} Nf6 {[%emt 0:00:28]} 5. Nc3 {[%emt 0:00:18]} Nxd5 {[%emt 0:00:23]} 6. Nf3 {[%emt 0:00:27]} Nc6 {[%emt 0:01:20]} 7. Bc4 {[%emt 0:00:40]} e6 {[%emt 0:02:49]} 8. O-O {[%emt 0:00:24]} Be7 {[%emt 0:00:37]} 9. d4 {[%emt 0:00:51]} O-O {[%emt 0:00:30]} 10. Re1 {[%emt 0:03:53]} Nxc3 {[%emt 0:08:44]} 11. bxc3 {[%emt 0:00:09]} Bf6 {[%emt 0:00:09]} 12. Bf4 {[%emt 0:02:33]} Bd7 $146 {[%emt 0:05:59] D41: Queen's Gambit Declined: Semi-Tarrasch with 5 cxd5} ({Predecessor:} 12... Ne7 13. Bd3 Bd7 14. Ne5 Bxe5 15. Bxe5 Ng6 16. Qh5 Qa5 17. Re3 f5 18. Bd6 Qxc3 19. Rd1 Qxd4 20. Bb5 Qxe3 21. fxe3 Bxb5 22. Bxf8 Rxf8 23. Rd6 f4 24. Qxb5 {1-0 (24) Christensen,B (2251)-Becker,M (2365) Odense 2012}) 13. Rb1 {[%emt 0:07:20]} Na5 {[%emt 0:05:57]} 14. Bd3 {[%emt 0:00:17]} Rc8 {[%emt 0:00:14]} 15. Qc2 {[%emt 0:03:09]} g6 {[%emt 0:03:13]} 16. Ne5 {[%emt 0:08:10]} Qe7 {[%emt 0:05:20]} 17. Nxd7 {[%emt 0:13:14]} Qxd7 {[%emt 0:00:15]} 18. Bb5 {[%emt 0:00:28]} (18. Qb2 $11 {keeps the balance.}) 18... Qxd4 $1 {[%emt 0:03:16] Double Attack, Pin} 19. Qxg6+ {[%emt 0:11:07]} hxg6 {[%emt 0:02:06]} ({Much worse is} 19... fxg6 20. cxd4 Bxd4 21. Bg3 $15) 20. cxd4 {[%emt 0:00:04]} Bxd4 {[%emt 0:01:18]} 21. Red1 {[%emt 0:01:42]} e5 {[%emt 0:06:29]} 22. Bg5 {[%emt 0:01:32]} f6 {[%emt 0:02:11]} ({Black should try} 22... Rc2 $17 23. Rd2 Rfc8) 23. Bd2 {[%emt 0:00:42]} Nc4 {[%emt 0:15:07]} 24. Bb4 {[%emt 0:05:20] [#]} Rf7 $1 {[%emt 0:01:54]} 25. Rbc1 {[%emt 0:08:43]} Rfc7 {[%emt 0:00:07]} 26. Ba4 {[%emt 0:00:25]} Kg7 {[%emt 0:02:42]} 27. Bb3 {[%emt 0:00:54]} Nb2 {[%emt 0:02:45]} 28. Rxc7+ {[%emt 0:05:20]} Rxc7 {[%emt 0:00:01]} 29. Rb1 {[%emt 0:01:31]} b6 {[%emt 0:02:34] Decoy} 30. Kf1 {[%emt 0:00:34]} a5 {[%emt 0:02:24]} 31. Ba3 {[%emt 0:01:03]} Nd3 {[%emt 0:02:25]} 32. f3 {[%emt 0:00:23]} b5 {[%emt 0:02:41]} 33. Rd1 {[%emt 0:00:45]} Nc5 {[%emt 0:01:10]} 34. Bxc5 {[%emt 0:03:53]} Rxc5 {[%emt 0:00:17]} 35. Rd2 {[%emt 0:02:39]} Kf8 {[%emt 0:01:12]} (35... a4 $142 36. Bc2 Rc3) 36. Ke2 {[%emt 0:00:29]} Ke7 {[%emt 0:00:45]} 37. h4 {[%emt 0:00:31]} f5 {[%emt 0:03:12]} 38. g4 {[%emt 0:03:28]} a4 {[%emt 0:01:57]} 39. Bd1 {[%emt 0:01:26]} fxg4 {[%emt 0:00:29]} 40. fxg4 {[%emt 0:00:13]} Kf6 {[%emt 0:00:20]} 41. Rd3 {[%emt 0:01:11]} g5 1/2-1/2